000 00273nam a22001217a 4500
008 171031b xxu||||| |||| 00| 0 eng d
041 _aeng
080 _23 ED
_a33
100 _a59
101 _aBUS
245 _aINFORMATION SYSTEMS ESSENTIALS
_cHAAG.S
942 _2udc
_cBK
999 _c36873
_d36873